000 00724nam a2200241Ia 4500
003 GCL
008 140319s9999 xx 000 0 ara d
020 _a701843052
040 _aGCL /
_cGCL
082 0 4 _a810.9035
_bج ا
100 1 _aجابر عصفور
245 1 0 _aالاحتفاء بالقيمة /
_cجابر عصفور
250 _aالاولى
260 _aسوريا :
_bدار المدى للثقافة والنشر ،
_c2004
300 _a334 ص ؛
_c24 سم
650 0 4 _aالشعر الجاهلى
650 0 4 _aشوقى ضيف
650 0 4 _aنجيب محفوظ
650 0 4 _aالمرأة العربية
650 0 4 _aسهير القلماوى
650 0 4 _aالقيم (ادب)
942 _2ddc
_cBK
999 _c8130
_d8130